000 05317cam a22013454i 4500
003 PE-LiUPU
005 20250813185552.0
008 150706s2005 pe a rb 000 0 spa d
020 _a9972462897
035 _a(Sirsi) i9789972462894
040 _aPE-LiUPU
_bspa
_cPE-LiUPU
_erda
049 _aPRUA
082 0 4 _a378.83
_bB85 2005
082 0 4 _a378.83
_bC28
_221
100 1 _aCasalino Sen, Carlota,
_eautor.
245 1 0 _aMás allá del mercado :
_bhacia una nueva reforma de la educación superior en Chile /
_cCarlota Casilino Sen.
264 1 _aLima :
_bUniversidad Nacional Mayor de San Marcos, Comisión de Coordinación de Reforma Universitaria,
_c2005
300 _a61 páginas ;
_c20 centímetros
336 _atext
_2rdacontent
337 _aunmediated
_2rdamedia
338 _avolume
_2rdacarrier
505 0 _aDaniel Samoilovich entrevista a José Joaquín Brunner -- Comisión de Educación superior - 1990 Aranceles en las universidades públicas -- Una segunda reforma del modelo de financiamiento -- Los centros de formación técnica no reciben apoyo del estado -- El sistema de acreditación de las nuevas instituciones privadas -- Nueva ley de acreditación -- Competencia e innovación institucional -- Rectores nuevos: Gestión institucional -- Rectores nuevos: Gestión institucional y generación de recursos -- Gestión eficiente y planificación estrategia -- Indicadores de gestión -- La institución es algo más que la suma de las partes -- Publicidad y mercadotecnia -- Nueva reforma de la educación superior en una economía de mercado -- Reforma el sistema de subsidios del Estado: asegura la calidad y cambiar del sistema de grados y título -- Desregular la regulación para una segunda reforma -- América Latina: Un sistea de educación superior colapsado. Cuáles son los límites de una civilización basada en alcanzar una máxima eficiencia en la utilización de los medios?.
526 _aP202
526 _aP201
526 _aP163
526 _aP162
526 _aP161
526 _aP160
526 _aP148
526 _aP147
526 _aP146
526 _aP145
526 _aP144
526 _aP143
526 _aP142
526 _aP141
526 _aP140
526 _aP139
526 _aP138
526 _aP137
526 _aP136
526 _aP135
526 _aP134
526 _aP133
526 _aP129
526 _aP128
526 _aP127
526 _aP120
526 _aP119
526 _aP118
526 _aP116
526 _aP115
526 _aP114
526 _aP110
526 _aP109
526 _aP108
526 _aP104
526 _aP103
526 _aP102
526 _aP99
526 _aP98
526 _aP97
526 _aP96
526 _aP95
526 _aP93
526 _aP90
526 _aP89
526 _aP88
526 _aP83
526 _aP82
526 _aP62
526 _aP59
526 _aP58
526 _aP57
526 _aP51
526 _aP49
526 _aP48
526 _aP47
526 _aP29
526 _aP24
526 _aP20
526 _aP19
526 _aP17
526 _aP15
526 _aP14
526 _aP12
526 _aP10
526 _aP09
526 _aP08
526 _aP07
526 _aP06
526 _aP05
526 _aP04
526 _aP01
600 1 _aBrunner, José Joaquín
_vEntrevistas
650 0 4 _aAcreditación (Educación)
_zChile.
650 0 4 _aCalidad de la educación superior
_zChile.
650 0 4 _aEducación superior
_zChile.
650 0 4 _aReforma universitaria
_zChile.
910 _ajta
_bjv
_jfb
_d20190107
942 _2ddc
_cBOOK
949 _a378.83 B85 2005
_wDEWEY
_c1
_iFJ04694
_lCCODEBUJ1
_mBUJ
_p5.00
_r0
_sY
_tBOOK
_u2019-01-7
_xEDUCACION
_PP20
_0COMPRA
_o.STAFF. Colección General Juliaca
949 _a378.83 B85 2005
_wDEWEY
_c2
_iFJ05351
_lCCODEBUJ1
_mBUJ
_p5.00
_r0
_sY
_tBOOK
_u2019-01-7
_xEDUCACION
_PP20
_0COMPRA
_o.STAFF. Colección General Juliaca
949 _a378.83 C28
_wDEWEY
_c1
_i62703
_lCCODEBUL1
_mBUL
_p3.00
_r0
_sY
_tBOOK
_u2015-7-6
_xEDUCACION
_zUNKNOWN
_0COMPRA
_o.STAFF. Colección General
949 _a378.83 C28
_wDEWEY
_c2
_i61279
_lCCODEBUL1
_mBUL
_p7.00
_r0
_sY
_tBOOK
_u2015-7-6
_xEDUCACION
_zUNKNOWN
_0COMPRA
_o.STAFF. Colección General
994 _aC0
_bPEPRU
596 _a1 3
999 _a378.83 C28
_wDEWEY
_c50541
_i62703
_f2021-11-8
_g5
_lCCODEBUL1
_mBUL
_p3.00
_r0
_sN
_tBOOK
_u2015-7-6
_xEDUCACION
_zUNKNOWN
_0COMPRA
_o.STAFF. Colección General
_d50541
999 _a378.83 C28
_wDEWEY
_c2
_i61279
_f2021-11-8
_g5
_lCCODEBUL1
_mBUL
_p7.00
_r0
_sN
_tBOOK
_u2015-7-6
_xEDUCACION
_zUNKNOWN
_0COMPRA
_o.STAFF. Colección General
999 _a378.83 B85 2005
_wDEWEY
_c1
_iFJ04694
_f2022-1-18
_g5
_lCCODEBUJ1
_mBUJ
_p5.00
_r0
_sY
_tBOOK
_u2016-12-5
_xEDUCACION
_PP20
_0COMPRA
_o.STAFF. Colección General Juliaca
999 _a378.83 B85 2005
_wDEWEY
_c2
_iFJ05351
_f2022-1-18
_g3
_lCCODEBUJ1
_mBUJ
_p5.00
_r0
_sY
_tBOOK
_u2017-1-13
_xEDUCACION
_PP20
_0COMPRA
_o.STAFF. Colección General Juliaca
980 _81
_gALBERTO SANCHEZ Responsable de Automatización